Language Quiz

Random Language or French Quiz

Yr9 V: VERBES - La nourriture Quiz Stats

 Plays Quiz not verified by Sporcle

Score 0/26 Timer 03:00
0 Plays Today
Anglais Français % Correct
to eatmanger
82%
to paypayer
78%
to drinkboire
76%
to buyacheter
76%
to serveservir
68%
to be hungryavoir faim
66%
to choosechoisir
64%
to ordercommander
62%
to cookcuisiner
62%
to grillgriller
62%
to have dinerdiner
58%
to inquire; to askdemander
58%
to be thirstyavoir soif
56%
Anglais Français % Correct
to bringapporter
52%
to costcoûter
52%
I would likeJe voudrais
50%
to tastegoûter
48%
I cannot eatJe ne peux pas manger
48%
to have lunchdéjeuner
46%
to go grocery shoppingfaire les courses
46%
to be on a dietêtre en régime
42%
to leave a tiplaisser un pourboire
42%
to mixmélanger
38%
to roastrôtir
36%
to go shoppingfaire les achats
30%
to have a snackprendre un goûter
22%

You're not logged in!

Compare scores with friends on all Sporcle quizzes.
OR
Log In

Show Comments

Extras

Top Quizzes Today


Score Distribution

Your Account Isn't Verified!

In order to create a playlist on Sporcle, you need to verify the email address you used during registration. Go to your Sporcle Settings to finish the process.

Report this User

Report this user for behavior that violates our Community Guidelines.

Details: